Физико-химические исследования процессов сольватации комплексных соединений железа в смешанных растворителях: диссертация на соискание ученой степени кандидата технических наук; Спец. 02.00.03

Detalles Bibliográficos
Autor principal: Чернова Л. А. Людмила Алексеевна
Autor Corporativo: Томский политехнический институт
Otros Autores: Лопатинский В. П. (научный руководитель)
Lenguaje:ruso
Publicado: Томск, 1984
Materias:
Formato: Libro
KOHA link:https://koha.lib.tpu.ru/cgi-bin/koha/opac-detail.pl?biblionumber=61567

MARC

LEADER 00000nbm0a2200000 4500
001 61567
005 20231101211943.0
035 |a (RuTPU)RU\TPU\book\65160 
090 |a 61567 
100 |a 20040316d1984 k y0rusy50 ca 
101 0 |a rus 
102 |a RU 
105 |a a m 001zy 
200 1 |a Физико-химические исследования процессов сольватации комплексных соединений железа в смешанных растворителях  |e диссертация на соискание ученой степени кандидата технических наук  |e Спец. 02.00.03  |f Л. А. Чернова  |g Томский политехнический институт; науч. рук.: В. П. Лопатинский 
210 |a Томск  |d 1984 
215 |a 187 л.  |c ил. 
320 |a Библиогр.: с. 180-187 (99 назв.) 
606 1 |a Железо  |x Комплексные соединения  |2 stltpush  |3 (RuTPU)RU\TPU\subj\75224  |9 87084 
606 1 |a Сольватация  |2 stltpush  |3 (RuTPU)RU\TPU\subj\70696  |9 84901 
610 1 |a диссертации 
610 1 |a физическая химия 
610 1 |a исследования 
610 1 |a смешанные растворители 
675 |a 546.72(04)  |v 3 
675 |a 544.353(04)  |v 3 
686 |a 02.00.03  |2 oksvnk 
700 1 |a Чернова  |b Л. А.  |g Людмила Алексеевна 
702 1 |a Лопатинский  |b В. П.  |4 727 
712 0 2 |a Томский политехнический институт  |2 stltpush  |3 (RuTPU)RU\TPU\col\1123 
801 1 |a RU  |b 63413507  |c 20040316  |g PSBO 
801 2 |a RU  |b 63413507  |c 20160323  |g PSBO 
942 |c BK